Sistema preliminar para el trámite y control de las solicitudes de crédito industrial en la sucursal Metropolitana del Banco Nacional
में बचाया:
| मुख्य लेखक: | |
|---|---|
| स्वरूप: | पुस्तक |
| प्रकाशित: |
[San José , Costa Rica]
1989
|
| विषय: | |
| टैग: |
टैग जोड़ें
कोई टैग नहीं, इस रिकॉर्ड को टैग करने वाले पहले व्यक्ति बनें!
|
MARC
| LEADER | 00000nam a2200000Ia 4500 | ||
|---|---|---|---|
| 003 | 007296 | ||
| 005 | 20221231144308.0 | ||
| 008 | 140114s1989 cr a m 000 ||s d | ||
| 040 | |c cru CEDI | ||
| 090 | |a TFG 3029 | ||
| 100 | |a Brian Gago, Hugo J |9 11619 | ||
| 245 | |a Sistema preliminar para el trámite y control de las solicitudes de crédito industrial en la sucursal Metropolitana del Banco Nacional | ||
| 260 | |c 1989 |a [San José , Costa Rica] | ||
| 300 | |a xxi, 116[4] hojas : ilustraciones | ||
| 500 | |a Investigación Dirigida (licenciatura en ingeniería industrial)--Universidad de Costa Rica. Facultad de Ingeniería. Escuela de Ingeniería Industrial | ||
| 650 | |x CREDITO |x BANCO NACIONAL DE COSTA RICA.. SUCURSALMETROPOLITANA (SAN JOSE) |9 11620 | ||
| 942 | |c TFG | ||
| 999 | |c 19732 |d 19732 | ||
